01227nam a2200265 a 45000010005000000030010000050050017000150080041000320200018000730400025000910800016001160900025001321000031001572450130001882500033003182600034003513000035003855000303004205040025007236500029007487000029007779420012008069520128008189990015009461007BR-CuiBMT20231205183331.0231125s2015 baba 000 0 por d a9788544202494 aBR-CuiBMTcBR-CuiBMT 22007a342.4 a342.4bC972cc6. ed.1 aCunha Júnior, Dirley da 10aConstituição federal para concursos /cDirley da Cunha Júnior ; Marcelo Novelino ; Colaborador: Renato Medrado Bonelli. a6. ed., rev., ampl. e atual. aSalvador :bJusPodivm,c2015. a1044 p. :bil. color. ;c25 cm aAtualizada até Emenda Constitucional nº 84/2014. Súmula nº 515 do STJ. Súmula vinculante nº 37 do STF. Informativo n°551 do STJ. Informativo nº 769 do STF. Inclui as leis nºs 9.868/99, 9.882/99 e 12.562/2011, que regulamentam as ações de controle concentrado de constitucionalidade. aInclui bibliografia. aConstituição federal1 aNovelino, Marcelod1972- 2udccLV 00102udc4070aBIBTCEMTbBIBTCEMTd2023-11-25l0o342.4 C972c 6. ed.pBIBTCEMT23111091r2023-11-25tEx. 1w2023-11-25yLV c1007d1007